Futebol e globalização (notice nᵒ 4862)
[ vue normale ]
| 000 -Sello discográfico | |
|---|---|
| campo de control de longitud fija | 01300nam0a2200349 4500 |
| 005 - Identificación de versión | |
| campo de control | 20251016083922.0 |
| 010 ## - Número Estándar Internacional de Libros (ISBN) | |
| Número (ISBN) | 978-85-87114-45-7 |
| 035 ## - Otros números de control del sistema | |
| Número de control del sistema | 33624 |
| 099 ## - fechas locales | |
| Tipo de ítem Koha | LIBRO |
| 100 ## - Datos de procesamiento general | |
| Datos de procesamiento general | 20110905d2007 m y0spay5003 ba |
| 101 1# - Idioma del recurso | |
| Idioma del texto, banda sonora, etc. | Bretón |
| -- | Español; Castellano |
| 105 ## - Campo de datos codificados: Material textual, monográfico | |
| Datos codificados de monografía | a 101zy |
| 200 1# - Título y mención de responsabilidad | |
| Título propio | Futebol e globalização |
| Designación general del material | texto impreso |
| Primer mención de responsabilidad | Marcelo Weishaupt Proni, Felipe Henrique Zaia, Luiz Ribeiro, ... [et al.] |
| 210 ## - Publicación, distribución, etc. | |
| Lugar de publicación, distribución, etc. | Jundiaí [Brasil] |
| Nombre del editor, distribuidor, etc. | Fontoura Editora |
| Fecha de publicación, distribución, etc. | 2007 |
| 215 ## - Descripción física | |
| Designación de material específico y extensión del ítem | 260 p |
| Otras características físicas | cuadros |
| Dimensiones | 23 cm |
| 320 ## - Nota de índices/bibliografías internas | |
| Texto de la nota | Incluye bibliografía |
| 345 ## - Nota de información de adquisición | |
| Fuente de adquisición/dirección de la suscripción [OBSOLETO] | Donación Luiz Ribeiro |
| 606 ## - Término temático usado como materia | |
| Elemento de entrada | Deportes y globalización |
| Número Koha | 9411 |
| 606 ## - Término temático usado como materia | |
| Elemento de entrada | Futbol (Soccer) |
| Número Koha | 9412 |
| 606 ## - Término temático usado como materia | |
| Elemento de entrada | Futbol (Soccer) |
| Subdivisión temática | Aspectos económicos |
| Número Koha | 9413 |
| 606 ## - Término temático usado como materia | |
| Elemento de entrada | Futbol (Soccer) |
| Subdivisión temática | Aspectos sociales |
| Número Koha | 9414 |
| 700 ## - Nombre personal - Responsabilidad primaria | |
| Elemento de entrada | Weishaupt Proni |
| Parte del nombre distinta del elemento de entrada | Marcelo |
| Número Koha | 9415 |
| 701 ## - Nombre personal - Responsabilidad alternativa | |
| Elemento de entrada | Ribeiro |
| Parte del nombre distinta del elemento de entrada | Luiz |
| Número Koha | 9416 |
| 701 ## - Nombre personal - Responsabilidad alternativa | |
| Elemento de entrada | Zaia |
| Parte del nombre distinta del elemento de entrada | Felipe Henrique |
| Número Koha | 9417 |
| 710 ## - Nombre de entidad corporativa - Responsabilidad primaria | |
| Elemento de entrada | Futebol, Estado e sociedades globalizados : entre o local e o universal |
| Fecha de la reunión | 2007 |
| Lugar de la reunión | Universidade Federal do Paraná (Bresil) |
| Número Koha | 9418 |
| 801 #0 - Fuente de origen | |
| País | FR |
| Agencia | cm |
| Reglas de catalogación (convenciones descriptivas) | AFNOR |
| 900 ## - | |
| -- | 1/20314 |
| 942 ## - ELEMENTOS DE ENTRADA SECUNDARIOS (KOHA) | |
| Tipo de ítem Koha | Livre |
| 996 ## - | |
| -- | MEX |
| -- | 751145101 |
| -- | MMAG |
| -- | 000153 |
| -- | 796.334 R484F |
| -- | 20110905LIV |
| Estatus retirado | Estado de daño | Estado de pérdida | Fecha de adquisición | Biblioteca de origen | Biblioteca actual | Ubicación en estantería | Código de barras | Precio de reemplazo | Signatura topográfica completa | No para préstamo | Tipo de ítem Koha | Nota pública | Nota no pública |
|---|---|---|---|---|---|---|---|---|---|---|---|---|---|
| 05/08/2025 | Casa México Paris | Casa México Paris | 000153 | 05/08/2025 | 796.334 R484F | Livre | 20110905LIV | 751145101 |